Matt Berry Filmography - Statistics

General Stats
  • This quiz has been taken 2 times
  • The average score is 18 of 98
Answer Stats
Type Year Name % Correct
Film 2025 A Minecraft Movie
100%
TV Show 2024 The Simpsons
100%
TV Show 2019-2024 What We Do in the Shadows
100%
TV Show 2018-2019 CBeebies Bedtime Story
50%
Film 2018 Christopher Robin
50%
Short Film 2006 Darkplace Illuminatum
50%
TV Show 2018-2023 Disenchantment
50%
TV Show 2022 Ellie & Natasia
50%
Web Series 2024 Fallout
50%
TV Mini-Series 2004 Garth Marenghi's Darkplace
50%
TV Show 2015 Harvey Beaks
50%
Short Film 2006 Horrificata Illuminata
50%
TV Show 2014-2015 House of Fools
50%
TV Mini-Series 2006 Man to Man with Dean Learner
50%
TV Show 2015 Matt Berry Does...
50%
TV Show 2011 Shooting Stars
50%
Film 2012 Snow White and the Huntsman
50%
TV Mini-Series 2006 Snuff Box
50%
Web Series 2021-2022 The Book of Boba Fett
50%
TV Show 2007-2013 The IT Crowd
50%
TV Show 2004 The Mighty Boosh
50%
Film 2006 The Mighty Boosh Live
50%
TV Show 2007 The Peter Serafinowicz Show
50%
TV Short 2019 The Road to Brexit
50%
Film 2020 The SpongeBob Movie: Sponge on the Run
50%
Film 2015 The SpongeBob Movie: Sponge Out of Water
50%
Film 2024 The Wild Robot
50%
TV Show 2012-2020 Toast of London
50%
TV Show 2022 Toast of Tinseltown
50%
Web Series 2020, 2021 Train Guy
50%
TV Show 2019 Vic and Bob's Big Night Out
50%
TV Mini-Series 2019 Year of the Rabbit
50%
Film 2009 A Bit of Tom Jones?
0%
Short Film 2015 Action Man: Battlefield Casualties
0%
TV Pilot 2004 AD/BC: A Rock Opera
0%
Film 2018 An Evening with Beverly Luff Linn
0%
Film 2011 Angry White Man
0%
TV Show 2011 Ant & Dec's Push the Button
0%
TV Show 2011 Aqua Teen Hunger Force
0%
TV Show 2019 Archer
0%
Film 2014 Asterix and Obelix: Mansion of the Gods
0%
Film 2010 Braincell
0%
Film 2025 Bubble & Squeak
0%
Web Series 2026 Citadel
0%
TV Show 2015 Community
0%
TV Show 2024 Curb Your Enthusiasm
0%
Short Film 2005 Dark Horse
0%
TV Short 2011 Duckworth
0%
TV Mini-Series 2010 Five Daughters
0%
TV Mini-Series 2015 Funny Valentines
0%
TV Show 1998-2001 Game Over
0%
TV Mini-Series 2023 Great Expectations
0%
Film 2010 Huge
0%
Web Series 2010 I Make Sense of Humour
0%
TV Show 2013 It's Kevin
0%
TV Show 2023-Present Krapopolis
0%
TV Show 2023 Last Week Tonight with John Oliver
0%
TV Pilot 2012 Loserville
0%
TV Show 2014, 2015 Lucas Bros Moving Co
0%
TV Show 2015 Major Lazer
0%
Short Film 2014 Matt Berry: The Lone Wolf
0%
TV Show 2019-Present Moominvalley
0%
Film 2009 Moon
0%
Film 2011 One Day
0%
Short Film 2002 One Last Thing
0%
TV Show 2013 Portlandia
0%
TV Film 2015 Professor Branstawm Returns
0%
TV Show 2015 Randy Cunningham: 9th Grade Ninja
0%
Film TBA Rogue Trooper
0%
TV Show 2007 Saxondale
0%
TV Show 2007 Screenwipe
0%
Short Film 2017 Sleigh
0%
TV Mini-Series 2020 Squeamish About ...
0%
TV Short 2009 Svengali
0%
Film 2013 Svengali
0%
Film 2015 Swansong
0%
Short Film 2018 Take Rabbit
0%
Short Film 2011 Taking Control of Your Body
0%
Video Game 2024 Thank Goodness You're Here!
0%
TV Special 2010, 2012, 2013, 2014 The 50 Funniest Moments
0%
TV Show 2016 The Agency
0%
Film 2026 The Cat in the Hat
0%
Film 2007 The Devil's Chair
0%
TV Show 2007 The Golf War
0%
Film 2023 The Inventor
0%
TV Documentary 2013 The IT Crowd Manual
0%
TV Film 2016 The Last Dragonslayer
0%
Short Film 2010 The Pizza Miracle
0%
TV Show 2008, 2010 The Sarah Silverman Program.
0%
Short Film 2009 The Search
0%
TV Special 2008, 2012 The Secret Policeman's Ball
0%
Web Series 2010 The Suits
0%
TV Show 2021 The Watch
0%
Film 2012 The Wedding Video
0%
TV Show 2008 The Wrong Door
0%
TV Short 2015 Twelve Forever
0%
Web Series 2019 Twelve Forever
0%
TV Show 2025 Watson
0%
No matching quizzes found
Score Distribution
Percent of People with Each Score
Percentile by Number Answered
Your Score History
You have not taken this quiz